Southville International School and Colleges
Your cart is empty.
  • Cart
  • Lists
    Public lists Eva Luna New books Lux_list list_1
    Your lists Log in to create your own lists
  • Log in to your account
  • Your cookies
  • Search history
Southville International School and Colleges
  • Advanced search
  • Recent comments
  • Most popular
  • Libraries

Log in to your account

Log in with GOOGLE


If you do not have an external account, but do have a local account, you can still log in:

  1. Home
  2. MARC view: My first bible.
Normal view MARC view ISBD view

My first bible. (Record no. 111234)

[ view plain ]
MARC details
000 -LEADER
fixed length control field 00577nam a2200181 a 4500
005 - DATE AND TIME OF LATEST TRANSACTION
control field 20140414131911.0
008 - FIXED-LENGTH DATA ELEMENTS--GENERAL INFORMATION
fixed length control field 100623s19uu xx 00 eng d
020 ## - INTERNATIONAL STANDARD BOOK NUMBER
International Standard Book Number 1561483605
050 ## - LIBRARY OF CONGRESS CALL NUMBER
Classification number M 220.9
Item number Al2 2002
100 ## - MAIN ENTRY--PERSONAL NAME
Personal name Alexander, Pat
245 ## - TITLE STATEMENT
Title My first bible.
260 ## - PUBLICATION, DISTRIBUTION, ETC. (IMPRINT)
Place of publication, distribution, etc Oxford, England :
Name of publisher, distributor, etc Good Books,
Date of publication, distribution, etc 2002.
300 ## - PHYSICAL DESCRIPTION
Extent 480
520 ## - SUMMARY, ETC.
Summary, etc Retells Bible stories in simple language, from the genesis of our world to the revelation of a world that is to come.
650 ## - SUBJECT ADDED ENTRY--TOPICAL TERM
Topical term or geographic name as entry element Bible stories
General subdivision English
700 ## - ADDED ENTRY--PERSONAL NAME
Personal name with pictures by Leon Baxter
Holdings
Withdrawn status Lost status Damaged status Home library Current library Shelving location Date acquired Source of acquisition Total Checkouts Full call number Barcode Date last seen Price effective from Koha item type
      Munich Library Munich Library Main Section 06/23/2010     M 220.9 Al2 2002 M1850 04/14/2014 04/14/2014 Books

My first bible.

APA

Alexander P., with pictures by Leon Baxter, . (2002). My first bible. Oxford, England: Good Books.

Chicago

Alexander Pat, with pictures by Leon Baxter, . 2002. My first bible. Oxford, England: Good Books.

Harvard

Alexander P., with pictures by Leon Baxter, . (2002). My first bible. Oxford, England: Good Books.

MLA

Alexander Pat, with pictures by Leon Baxter, . My first bible. Oxford, England: Good Books. 2002.

  • Place hold
  • Print
  • Cite
  • Add to your cart (remove)
  • Save record
    BIBTEX Dublin Core MARCXML MARC (non-Unicode/MARC-8) MARC (Unicode/UTF-8) MARC (Unicode/UTF-8, Standard) MODS (XML) RIS
  • More searches
    Search for this title in:
    Other Libraries (WorldCat) Other Databases (Google Scholar) Online Stores (Bookfinder.com) Open Library (openlibrary.org)

Exporting to Dublin Core...

SOUTHVILLE LIBRARY

Southville International School and Colleges Library

1281 Tropical Ave. Cor. Luxembourg St., BF Homes International, Las Pinas City

Tel. No. 8256374 / 252358 Loc. 117/146

Powered by Koha